000 007890000a22001330004500
100 1 _aCastro, Fredy.
245 1 0 _aUna perspectiva de 1 de reyes 22:1-40 desde el análisis estructural.
300 _aVo.1, no.2 (mar., 2009), p.20-28
500 _aUbicación: varios
520 _aSe resalta la soberanía de Dios sobre todo el universo y sobre todos los seres creados como un elemento de salvación. Las bendiciones de Dios son condicionales a la obediencia a su Palabra. El pueblo de Israel liderado por el rey Acab desobedece al mandato de Jehová, y por esta causa son derrotados por los asirios, pero debido a que fue Acab el que desobedeció abiertamente por su influencia indujo el pueblo a pecar.
650 1 4 _aINTERPRETACION DE LA BIBLIA
773 0 _tUna ciencia
942 _cANA
999 _c63050
_d63050